000 00477nam a2200169Ia 4500
001 11125
003 IN-NITTTR
005 20251114233104.0
008 251113s9999||||xx |||||||||||||| ||eng||
040 _beng
040 _cIN-NITTTR
041 _aeng
082 _a624.182 C766S
100 _aConstructional Steel Research and DevelopmentOrganisation.,
245 0 _aSteel designers' manual. /
_cConstructional Steel Research and DevelopmentOrganisation.
942 _2ddc
_cBK
999 _c13761
_d13761